| 000 | 00824cam a22002534a 4500 | ||
|---|---|---|---|
| 001 | 11845233 | ||
| 005 | 20260313182709.0 | ||
| 008 | 991118s2000 at a b 001 0 eng | ||
| 020 | _a0534365833 | ||
| 020 | _a9780534365837 | ||
| 050 | 0 | 0 |
_aHV29.2 _b.V47 2000 |
| 082 | 0 | 0 |
_a361.3/0285/4678 _221 |
| 100 | 1 |
_aVernon, Robert, _d1947- |
|
| 245 | 1 | 0 |
_aSocial work and the Web / _cRobert Vernon, Darlene Lynch. |
| 260 |
_aAustralia ; _aEast Dubuque, IL : _bWadsworth Thomson Learning, _cc2000. |
||
| 300 |
_axix, 292 p. : _bill. ; _c28 cm. |
||
| 650 | 0 |
_aHuman services _xComputer network resources. |
|
| 650 | 0 |
_aSocial service _xComputer network resources. |
|
| 650 | 0 |
_aSocial work administration _xData processing. |
|
| 650 | 0 | _aWorld Wide Web. | |
| 650 | 0 | _aInternet. | |
| 700 | 1 | _aLynch, Darlene. | |
| 942 |
_2lcc _cBK _n0 |
||
| 999 |
_c9048 _d9048 |
||